• 首页
  • 本馆介绍
  • 公告通知
  • 最新文献
  • 馆藏检索
  • 电子资源
  • 读者导购
  • 参考咨询
  • 我的图书馆
  • 登录
  • 详细信息显示
  • 放入我的书架
  • 预约/预借图书
  • 作者相关作品
  • 分类相关作品
  • 丛书相关作品
  • 出版社相关作品

书目信息

  • 表格格式
  • 工作单格式
  • 卡片格式
题名:
准市民论纲
    
 
作者: 吕世辰 著
分册:  
出版信息: 北京   中国环境科学出版社  1995
页数: 226页
开本: 26cm
丛书名:
单 册:
中图分类: F323.6
科图分类:
主题词: 农村--劳动力转移--研究--中国
电子资源:
ISBN: 7-80093-893-X
000 00667nam0 2200205 450
001 0742548710
005 20070724091726.62
010    @a7-80093-893-X@dCNY16.00
100    @a20070719d1995 km y0chiy0120 ea
101 0  @achi
102    @aCN
200 1  @a准市民论纲@Azhun shi min lun gang@e中国农户非农产业群体研究@f吕世辰等著@Flu shi chen deng zhu
210    @a北京@c中国环境科学出版社@d1995
215    @a226页@d26cm
517 1  @a中国农户非农产业群体研究@Azhong guo nong hu fei nong chan ye qun ti yan jiu
606 0  @a农村@x劳动力转移@x研究@y中国
690    @aF323.6@v3
701  0 @a吕世辰@Alu shi chen@4著
801  0 @aCN@bPFT@c20070724
905    @a10447@dF323.6@e84
    
    准市民论纲:中国农户非农产业群体研究/吕世辰等著.-北京:中国环境科学出版社,1995
    226页;26cm
    
    
    ISBN 7-80093-893-X:CNY16.00
    
●
相关链接 在E读中查询图书 在五车中查询图书 在当当中查询图书 在豆瓣中查询图书


正题名:准市民论纲     索取号:F323.6/84         预约/预借

序号 登录号 条形码 馆藏地/架位号 状态 备注
1 0768488   207684889   第一样本阅览室/ [索取号:F323.6/84] 在馆    
唐山师范学院图书馆 欢迎您!
大连网信软件有限公司© 版权所有